000 00754nam a2200241Ia 4500
003 OSt
005 20220926021005.0
006 a|||||r|||| 00| 0
007 ta
008 220923b |||||||| |||| 00| 0 eng d
037 _cGeneral Book
040 _aRTL
_cRTL
_beng
041 _2eng
_aeng
082 _aY49(J).5950k1.N3, G9
100 _aBlumer Herbert
_9325534
245 0 _aAppraisal of Thomas and Znaniecki's the polish pea
260 _aNew York
_bSSRC
_c1939
300 _axvii,210p
_ccm.
490 _aCritiques of Research in the Social Sceinces. Social Science Research Council, Publication
650 _aPeasants
942 _hY49(J).5950k1.N3, G9
_cGB
_2CC
999 _c635398
_d635398